| 000 | 00564nam a22001697a 4500 | ||
|---|---|---|---|
| 005 | 20251108170939.0 | ||
| 008 | 250721s1981 xx 000 0 ara d | ||
| 082 | 1 | 4 | _aم/212/صاب |
| 100 | 1 | _aالصابوني، محمد علي | |
| 245 | 1 | 0 |
_aصفوة التفاسير : _bتفسير القرآن الكريم_ جامع بين المأثور و المنقول / |
| 264 | 1 |
_aبيروت : _bدار القرآن الكريم، _c1981. |
|
| 300 | _a20ج | ||
| 650 | 1 | 7 | _aالقرآن الكريم |
| 650 | 1 | 7 | _aتفسير |
| 942 |
_2ddc _cREF |
||
| 999 |
_c52775 _d52775 |
||